Normal view
MARC view
- Physicians’ assistants
Entry Topical Term
001 - CONTROL NUMBER
- control field: 37837
003 - CONTROL NUMBER IDENTIFIER
- control field: OSt
005 - DATE AND TIME OF LATEST TRANSACTION
- control field: 20150505114107.0
008 - FIXED-LENGTH DATA ELEMENTS
- fixed length control field: 150505|| aca||babn | a|a d
040 ## - CATALOGING SOURCE
- Original cataloging agency: OSt
150 ## - HEADING--TOPICAL TERM
- Topical term or geographic name as entry element: Physicians’ assistants
450 ## - SEE FROM TRACING--TOPICAL TERM
- Topical term or geographic name entry element: Assistant medical officers
450 ## - SEE FROM TRACING--TOPICAL TERM
- Topical term or geographic name entry element: Clinical assistants
450 ## - SEE FROM TRACING--TOPICAL TERM
- Topical term or geographic name entry element: Feldshers
450 ## - SEE FROM TRACING--TOPICAL TERM
- Topical term or geographic name entry element: Medex
450 ## - SEE FROM TRACING--TOPICAL TERM
- Topical term or geographic name entry element: Physician extenders
450 ## - SEE FROM TRACING--TOPICAL TERM
- Topical term or geographic name entry element: Physician support personnel
450 ## - SEE FROM TRACING--TOPICAL TERM
- Topical term or geographic name entry element: Physicians’ associates
450 ## - SEE FROM TRACING--TOPICAL TERM
- Topical term or geographic name entry element: Physicians’ extenders
550 ## - SEE ALSO FROM TRACING--TOPICAL TERM
- Topical term or geographic name entry element: Allied health personnel